[Event "EY Girls U16 2012"]
[Site "Prague CZE"]
[Date "2012.08.20"]
[Round "4.7"]
[White "Varga,Me"]
[Black "Blagojevic,Tijana"]
[Result "1/2-1/2"]
[WhiteElo "2232"]
[BlackElo "2004"]

1.Nf3 d5 2.g3 c6 3.Bg2 Bg4 4.c4 e6 5.O-O Nd7 6.cxd5 Bxf3 7.Bxf3 cxd5 8.d4 Bd6
9.Nc3 Ngf6 10.Qd3 O-O 11.e4 dxe4 12.Nxe4 Be7 13.Rd1 Nd5 14.a3 Rc8 15.Bg2 h6
16.Bd2 Qb6 17.b4 N7f6 18.Nc5 Rfd8 19.Qe2 Rc7 20.Rac1 Qd6 21.Qb5 Qb6 22.Qa4 a6
23.Rb1 Qb5 24.Qb3 Rdc8 25.a4 Qe8 26.Bh3 Bd6 27.Re1 Kh8 28.Ra1 a5 29.Qf3 axb4
30.Nxe6 fxe6 31.Bxe6 Qc6 32.Bxc8 Rxc8 33.Re6 Nc3 34.Rxf6 gxf6 35.Qxf6+ Kg8
36.Qe6+ Kh8 37.Qxh6+ Kg8 38.Qe6+ Kh8 39.Qh6+ Kg8 40.Qe6+ Kh8 41.Qh6+ Kg8
42.Qe6+ Kh8  1/2-1/2

[Event "12th World Uni Men"]
[Site "Guimaraes POR"]
[Date "2012.08.21"]
[Round "3.13"]
[White "Erikson,R"]
[Black "Chang Suarez,A"]
[Result "1-0"]
[WhiteElo "2141"]
[BlackElo "1988"]

1.Nf3 d5 2.g3 c5 3.Bg2 Nc6 4.d4 Nf6 5.O-O Bg4 6.Ne5 cxd4 7.Nxg4 Nxg4 8.e3 Nf6
9.exd4 e6 10.c4 dxc4 11.Qa4 Rc8 12.Rd1 Be7 13.Nc3 O-O 14.Qxc4 Nb4 15.Qb5 Rc7
16.Bf4 Rd7 17.Bxb7 Nc2 18.Rac1 Nxd4 19.Qa6 Qb6 20.Qxb6 axb6 21.Bg2 Rfd8 22.Kf1 b5
23.Rd3 b4 24.Na4 Ra7 25.b3 Ne8 26.Be5 f6 27.Rxd4 fxe5 28.Rxd8 Bxd8 29.Rc8 Rd7
30.Bc6  1-0

[Event "12th ch-Euro Seniors"]
[Site "Kaunas LTU"]
[Date "2012.08.21"]
[Round "4.7"]
[White "Berkovich,M"]
[Black "Furman,Bo"]
[Result "1/2-1/2"]
[WhiteElo "2366"]
[BlackElo "2255"]

1.Nf3 d5 2.g3 Nf6 3.Bg2 c5 4.O-O Nc6 5.d4 cxd4 6.Nxd4 e6 7.c4 Bc5 8.Nxc6 bxc6
9.Qc2 Be7 10.Nc3 O-O 11.Bf4 Bd7 12.Rad1 Qa5 13.e4 dxc4 14.Bd6 Bxd6 15.Rxd6 Rfd8
16.Rfd1 Be8 17.e5 Rxd6 18.exd6 Rd8 19.Qd2  1/2-1/2

[Event "12th ch-Euro Seniors"]
[Site "Kaunas LTU"]
[Date "2012.08.21"]
[Round "4.25"]
[White "Belokopyt,B"]
[Black "Grabow,P"]
[Result "0-1"]
[WhiteElo "2002"]
[BlackElo "2173"]

1.Nf3 d5 2.g3 Nf6 3.Bg2 c6 4.O-O Bf5 5.d3 Nbd7 6.Nbd2 e5 7.Nh4 Bg6 8.e4 dxe4
9.Nxe4 Nxe4 10.dxe4 Bc5 11.Nxg6 hxg6 12.Qe2 Qb6 13.c3 a5 14.b3 O-O 15.Bd2 Rfd8
16.Bg5 Nf6 17.Rad1 Rxd1 18.Rxd1 Rd8 19.Rxd8+ Qxd8 20.h3 Qd6 21.g4 Nh7 22.Bh4 Nf8
23.Bg3 Ne6 24.Bf1 b5 25.Qd3 Qxd3 26.Bxd3 f6 27.a4 bxa4 28.bxa4 Kf8 29.Bc4 Ng5
30.Bd3 Nxh3+ 31.Kg2 Ng5 32.f4 exf4 33.Bxf4 Ne6 34.Bg3 Ke7 35.e5 fxe5 36.Bxe5 Bd6
37.Bxd6+ Kxd6 38.Kf3 g5 39.Bg6 Nf4 40.Bc2 Nd5 41.c4 Nb6 42.Bb3 Kc5 43.Ke4 Kb4
44.Bd1 Nxc4 45.Be2 Nb2 46.Kf5 Nxa4 47.Kxg5 Nc3 48.Bf3 c5 49.Bc6 a4 50.Bxa4 Nxa4
51.Kg6 c4 52.Kxg7 c3 53.g5 c2  0-1

[Event "12th ch-Euro Seniors"]
[Site "Kaunas LTU"]
[Date "2012.08.21"]
[Round "4.34"]
[White "Urbanc,V"]
[Black "Vagner,G"]
[Result "0-1"]
[WhiteElo "1914"]
[BlackElo "2162"]

1.Nf3 d5 2.g3 Nf6 3.Bg2 e6 4.b3 c5 5.Bb2 Nc6 6.O-O Be7 7.d4 O-O 8.Nbd2 Re8
9.Rc1 b5 10.c4 bxc4 11.bxc4 Rb8 12.cxd5 exd5 13.Ba3 c4 14.Rc3 Qb6 15.Ne5 Nb4
16.Ndxc4 dxc4 17.Rxc4 a5 18.Bxb4 Bxb4 19.e4 Bd7 20.Nxd7 Nxd7 21.Qc2 Qd8 22.Rc1 Ba3
23.Rd1 Rc8 24.Rxc8 Qxc8 25.Qa4 Bb4 26.Bh3 Rd8 27.a3 Be7 28.Qxa5 Qb8 29.a4 Nc5
30.d5 Nxe4 31.Bg2 Nd6 32.Qa6 Qb7 33.Qd3 Ra8 34.Qd4 Qa7 35.Qe5 Qxa4 36.Rd4 Qd7  0-1

[Event "EY Girls U18 2012"]
[Site "Prague CZE"]
[Date "2012.08.21"]
[Round "5.10"]
[White "Nonkovic,B"]
[Black "Efroimski,M"]
[Result "0-1"]
[WhiteElo "1950"]
[BlackElo "2174"]

1.Nf3 d5 2.g3 c6 3.Bg2 Bf5 4.d3 Nd7 5.b3 e5 6.Bb2 Qc7 7.c4 dxc4 8.bxc4 Ngf6
9.Nbd2 Rd8 10.O-O Be7 11.Qc2 O-O 12.Rfb1 Rfe8 13.Bc3 Bf8 14.Qb2 Rb8 15.a4 h6
16.Nb3 e4 17.Ne1 c5 18.Rd1 b6 19.d4 cxd4 20.Nxd4 Bg6 21.Nb5 Qxc4 22.Nxa7 Nc5
23.Rd4 Qe6 24.Nc2 Nb3 25.Nb5 Nxa1 26.Nc7 Qb3 27.Nxe8 Qxb2 28.Bxb2 Nxc2 29.Nxf6+ gxf6
30.Rc4 e3 31.Bxf6 exf2+  0-1

[Event "EY Boys U16 2012"]
[Site "Prague CZE"]
[Date "2012.08.21"]
[Round "5.32"]
[White "Machan,J"]
[Black "Dereshki,D"]
[Result "1-0"]
[WhiteElo "2055"]
[BlackElo "1938"]

1.Nf3 d5 2.g3 Nf6 3.Bg2 c5 4.O-O Nc6 5.d4 e6 6.c4 dxc4 7.Ne5 Nxe5 8.dxe5 Nd5
9.Qa4+ Bd7 10.Qxc4 b5 11.Qg4 h5 12.Qe4 Rc8 13.Rd1 Qc7 14.Bg5 Bc6 15.Nc3 Be7
16.Nxd5 exd5 17.Qf5 g6 18.Qf4 Rd8 19.Bf6 Bxf6 20.Qxf6 O-O 21.Rac1 c4 22.e6 Rd6
23.exf7+ Rxf7 24.Qd4 Rff6 25.Qc5 Kh7 26.Bxd5 Qb6 27.Qxb6 axb6 28.e4 Rf8 29.Bg8+ Rxg8
30.Rxd6 Bxe4 31.Re1 Bd3 32.Re7+ Kh6 33.h4 b4 34.Rxb6 c3 35.bxc3 bxc3 36.Rc7 c2
37.Rbb7 Rg7 38.Rxg7 c1=Q+ 39.Kh2 g5 40.hxg5+  1-0

[Event "11th Lichtenberger Sommer 2012"]
[Site "Berlin GER"]
[Date "2012.08.22"]
[Round "5.80"]
[White "Wege,H"]
[Black "Grassi,F"]
[Result "0-1"]
[WhiteElo "1912"]
[BlackElo "1933"]

1.Nf3 d5 2.g3 Nf6 3.Bg2 Bf5 4.c4 c6 5.O-O e6 6.d3 Nbd7 7.Nc3 h6 8.Qb3 Nc5
9.Qd1 dxc4 10.dxc4 Qxd1 11.Nxd1 Nce4 12.Nd4 Bg6 13.f3 Bc5 14.e3 Bxd4 15.exd4 Nd6
16.Ne3 Bd3 17.Rd1 Bxc4 18.Nxc4 Nxc4 19.b3 Nd6 20.Bb2 Nd5 21.Kf2 O-O-O 22.Rac1 g5
23.a4 Kb8 24.Ba3 h5 25.b4 Nf5 26.Re1 Rhe8 27.Re4 Nf6 28.g4 Nxe4+ 29.fxe4 Nxd4
30.e5 hxg4 31.b5 cxb5 32.Bd6+ Rxd6 33.exd6 Rc8 34.Rd1 Nf5 35.axb5 Rd8 36.d7 Kc7
37.Ra1 Rxd7 38.Rxa7 Kb6 39.Bc6 Rc7  0-1

[Event "ZMDI Open A 2012"]
[Site "Dresden GER"]
[Date "2012.08.22"]
[Round "5"]
[White "Meier,Geo"]
[Black "Hertneck,G"]
[Result "1/2-1/2"]
[WhiteElo "2648"]
[BlackElo "2521"]

1.Nf3 d5 2.g3 c6 3.Bg2 Nf6 4.O-O Bg4 5.c4 e6 6.d3 Nbd7 7.cxd5 cxd5 8.Qb3 Qb6
9.Qxb6 Nxb6 10.Nc3 Bd6 11.Nb5 Bb8 12.Be3 Kd7 13.a4 Nc8 14.Rfc1 Ne7 15.Bc5 Nc6
16.Rc2 Rc8 17.Rac1 Bxf3 18.Bxf3 a6 19.Nd4  1/2-1/2

[Event "21st Feffernitz Open"]
[Site "Feffernitz AUT"]
[Date "2012.08.22"]
[Round "5.10"]
[White "Jandke,M"]
[Black "Pacher,S"]
[Result "0-1"]
[WhiteElo "2137"]
[BlackElo "1979"]

1.g3 d5 2.Nf3 Nf6 3.Bg2 c6 4.b3 b6 5.Bb2 e6 6.c4 Be7 7.O-O O-O 8.d4 Bb7 9.Nbd2 Na6
10.Qc2 Rc8 11.Rad1 c5 12.dxc5 Nxc5 13.Nd4 Qe8 14.Qb1 Nce4 15.cxd5 Nxd2 16.Rxd2 Bb4
17.Rdd1 Bxd5 18.e4 Bb7 19.Nc2 Be7 20.Rfe1 Qb5 21.Ne3 Rfd8 22.e5 Nd5 23.Nc4 Bb4
24.Re4 Nc3 25.Bxc3 Bxe4 26.Bxe4 Rxd1+ 27.Qxd1 Bxc3 28.Qd3 Bxe5 29.Bxh7+ Kf8
30.Be4 Qc5  0-1

[Event "2nd Isthmia Open A"]
[Site "Korinthia GRE"]
[Date "2012.08.22"]
[Round "6.7"]
[White "Azaladze,S"]
[Black "Iordachescu,V"]
[Result "0-1"]
[WhiteElo "2466"]
[BlackElo "2645"]

1.g3 d5 2.Nf3 g6 3.Bg2 Bg7 4.O-O e5 5.c4 c6 6.Qc2 Ne7 7.d3 O-O 8.Nbd2 h6
9.Rb1 a5 10.b3 Be6 11.a3 Nd7 12.b4 axb4 13.axb4 b5 14.Bb2 bxc4 15.dxc4 Rb8
16.Ba1 d4 17.e3 c5 18.b5 Nf5 19.exd4 exd4 20.Rfe1 Re8 21.Ne4 Qc7 22.Bb2 Nd6
23.Nxd6 Qxd6 24.Nd2 Nb6 25.Qb3 f5 26.Ra1 Bf7 27.Qd3 h5 28.f4 Re6 29.Rxe6 Qxe6
30.Bf1 h4 31.Kg2 Qe7 32.Qf3 hxg3 33.hxg3 Qe3 34.Qf2 Qe7 35.Ra6 Be6 36.Kg1 Bc8
37.Ra1 Bb7 38.Ra7 Nc8 39.Ra1 Nd6 40.Bg2 Ne4 41.Qe1 d3 42.Bxg7 Qxg7 43.Bxe4 Qd4+
44.Kf1 fxe4 45.Nb3 Qxc4 46.Na5 Qd4 47.Nxb7 Rxb7 48.Ra8+ Kg7 49.Qd2 e3  0-1

[Event "EY Boys U14 2012"]
[Site "Prague CZE"]
[Date "2012.08.22"]
[Round "6.63"]
[White "Ucles Lirola,Moises"]
[Black "Inan,Canberk"]
[Result "0-1"]
[WhiteElo "1857"]
[BlackElo "1673"]

1.Nf3 d5 2.g3 Nf6 3.Bg2 c5 4.O-O e6 5.d3 Nc6 6.Nbd2 Be7 7.Re1 O-O 8.e4 d4
9.e5 Nd5 10.h4 b5 11.Nf1 Bb7 12.N1h2 Qd7 13.Qe2 Rae8 14.Bh3 Nb6 15.Ng4 Nb4
16.Bg2 f5 17.exf6 Bxf6 18.a3 Bxf3 19.Bxf3 N4d5 20.Nxf6+ Nxf6 21.Bg2 e5 22.Bd2 c4
23.Bb4 Rf7 24.Rad1 Ng4 25.Bh3 h5 26.f3 Nd5 27.fxg4 Ne3 28.Rc1 hxg4 29.Bg2 e4
30.dxe4 Qc7 31.Bd2 Nxg2 32.Qxg2 Rf3 33.Bf4 Qc5 34.Kh1 Qh5 35.Rcd1 Rf8 36.Rg1 R8xf4
37.gxf4 Qxh4+ 38.Qh2 Rh3 39.Rd2 g3 40.Rxg3 Rxh2+ 41.Rxh2 Qxg3 42.f5 Qf3+
43.Rg2 Qxe4 44.f6 g6 45.Kg1 Kf7 46.Rf2 d3 47.cxd3 cxd3 48.Kf1 Qh1+  0-1

[Event "EY Boys U18 2012"]
[Site "Prague CZE"]
[Date "2012.08.22"]
[Round "6.17"]
[White "Savitskiy,S"]
[Black "Jovanovic,Boj2"]
[Result "1-0"]
[WhiteElo "2368"]
[BlackElo "2179"]

1.Nf3 d5 2.g3 c6 3.Bg2 Nf6 4.O-O e6 5.d3 Bd6 6.Nbd2 O-O 7.e4 Nbd7 8.Re1 Qc7
9.b3 b5 10.Bb2 e5 11.h3 d4 12.Nh4 Re8 13.Rf1 Nb6 14.Nf5 Bxf5 15.exf5 Rac8
16.a4 a6 17.axb5 axb5 18.Qf3 Nbd5 19.Ne4 c5 20.Nxf6+ Nxf6 21.Ra6 e4 22.dxe4 Rxe4
23.Qd3 c4 24.bxc4 bxc4 25.Qd1 c3 26.Bc1 Ree8 27.Rc6 Qb8 28.Rxc8 Rxc8 29.Qxd4 Bc5
30.Qd3 Bb4 31.Bf4 Qb6 32.Rb1 Qa5 33.g4 h6 34.Bf3 Rd8 35.Qc4 Bc5 36.Kg2 Bb6
37.Rb5 Qa7 38.Qb3 Nd7 39.Bg3 Rc8 40.h4 Kf8 41.g5 hxg5 42.hxg5  1-0

[Event "11th Lichtenberger Sommer 2012"]
[Site "Berlin GER"]
[Date "2012.08.23"]
[Round "6.26"]
[White "Peschke,U"]
[Black "Jahnz,F"]
[Result "1/2-1/2"]
[WhiteElo "2054"]
[BlackElo "2215"]

1.Nf3 d5 2.g3 Bg4 3.Bg2 Nd7 4.O-O e5 5.d4 exd4 6.c3 Ngf6 7.cxd4 Bd6 8.Nc3 c6
9.h3 Bxf3 10.Bxf3 O-O 11.e4 dxe4 12.Nxe4 Nxe4 13.Bxe4  1/2-1/2

[Event "32nd Bratto Masters"]
[Site "Bratto ITA"]
[Date "2012.08.23"]
[Round "6.2"]
[White "Panchanathan,M"]
[Black "Burmakin,V"]
[Result "1/2-1/2"]
[WhiteElo "2564"]
[BlackElo "2608"]

1.Nf3 d5 2.g3 Nf6 3.Bg2 c6 4.O-O Bg4 5.d4 e6 6.Nbd2 Be7 7.Ne5 Bh5 8.h3 Nbd7
9.g4 Bg6 10.Nxg6 hxg6 11.c4 Qc7 12.e3 e5 13.g5 Ne4 14.cxd5 Nxg5 15.dxc6 bxc6
16.Re1 Nxh3+ 17.Kf1 exd4 18.Nf3 dxe3 19.Bxe3 Kf8 20.Rc1 Rd8 21.Qa4 c5 22.Qg4 Nf6
23.Qc4 Nd5 24.Bd4 cxd4 25.Qxc7 Nxc7 26.Rxc7 Bf6 27.Ne5 Rh5 28.Nxf7 Rb8 29.Bxh3 Rxh3
30.Kg2 Rh5 31.Rxa7 Rxb2 32.Nd6 Rb8 33.Ne4 Be7 34.Ng3 Bc5 35.Rd7 Rh4 36.Re6 Rf4
37.Rc6 Be7 38.a4 d3 39.a5 Bf6 40.Rxd3 Rb2 41.Nh1 Ra2 42.a6 Rfa4 43.Rdd6 Kg8
44.Re6 Rf4 45.Rc8+ Kh7 46.Rc7 Bh4 47.a7 Rfa4 48.Ng3 Rxa7 49.Rxa7 Rxa7 50.Ne4 Rf7
51.Re8 Rf5 52.Re6 Bf6 53.Re8 g5 54.Ng3 Rf4 55.Re2 Kg6 56.Ra2 Rb4 57.Rc2 g4
58.Rc5 Bd4 59.Rd5 Bb6 60.Rd6+ Kf7 61.Rd7+ Kf8 62.Rd5 Bc7 63.Nf5 Bf4 64.Ne3 Bxe3  1/2-1/2

[Event "III Sarkany-Aranytiz IM"]
[Site "Budapest HUN"]
[Date "2012.08.23"]
[Round "6.3"]
[White "Berczes,C"]
[Black "Lyell,M"]
[Result "1-0"]
[WhiteElo "2378"]
[BlackElo "2225"]

1.Nf3 d5 2.g3 Nc6 3.d4 Bg4 4.Bg2 Qd7 5.h3 Bxf3 6.Bxf3 O-O-O 7.Bg2 e5 8.dxe5 Nxe5
9.O-O Bc5 10.Nc3 Ne7 11.Bf4 f6 12.e4 d4 13.Nd5 c6 14.Nxe7+ Qxe7 15.Qe2 h5
16.Kh1 h4 17.gxh4 Rxh4 18.Bg3 Rh6 19.f4 d3 20.cxd3 Rxd3 21.Bh2 Re3 22.Qc2 Nd3
23.Rad1 Nb4 24.Qb1 Qe6 25.a3 Rexh3 26.Bxh3 Qxh3 27.Rd2 Be3 28.Rg2 Na6 29.Qa2 Rh8
30.f5 Nc5 31.Qf7 Nd7 32.Qxg7 Bd4 33.Qg3 Qxg3 34.Rxg3 Be5 35.Rg2 Nc5 36.Rd1 Nxe4
37.Kg1 Ng5 38.Bxe5 Nf3+ 39.Kf2 Nxe5 40.Rd6 Rh6 41.Rg7 a5 42.Re6 Kb8 43.Kg2 Nc4
44.Rg6 Rh7 45.Rgxf6 Ka7 46.Re2 Nb6 47.Rf2 Nd5 48.Rf8 Rh6 49.Rf3 Nf6 50.Rh3 Rxh3
51.Kxh3 Nd7 52.Rf7 Nc5 53.Re7 Nd3 54.Kg3  1-0

[Event "21st Feffernitz Open"]
[Site "Feffernitz AUT"]
[Date "2012.08.23"]
[Round "6.3"]
[White "Rotstein,A"]
[Black "Borsos,B"]
[Result "1-0"]
[WhiteElo "2510"]
[BlackElo "2270"]

1.Nf3 d5 2.g3 Nf6 3.Bg2 c6 4.O-O g6 5.d3 Bg7 6.Nbd2 O-O 7.e4 h6 8.Re1 dxe4
9.dxe4 Na6 10.Qe2 Nc7 11.a4 b6 12.a5 Ba6 13.Qe3 Ne6 14.h3 Qc7 15.Nf1 Nc5
16.e5 Nd5 17.Qd4 Ne6 18.Qh4 g5 19.Qh5 Rac8 20.h4 g4 21.N3h2 f5 22.exf6 Nxf6
23.Qg6 h5 24.Ne3 Nd4 25.axb6 Qxb6 26.Nc4 Qc5 27.Bh6 Ne8 28.Rxa6 Qxc4 29.Rxe7 Ne2+
30.Kh1 Qd4 31.Rxe8 Qf6 32.Qxf6  1-0

[Event "12th ch-Euro Seniors w"]
[Site "Kaunas LTU"]
[Date "2012.08.23"]
[Round "6.5"]
[White "Bogumil,T"]
[Black "Polyakova,N"]
[Result "1/2-1/2"]
[WhiteElo "2088"]
[BlackElo "2066"]

1.Nf3 d5 2.g3 c6 3.Bg2 Bg4 4.Ne5 Bh5 5.d4 Nd7 6.Nd3 e6 7.O-O Bd6 8.Nf4 Bg6
9.c4 Ne7 10.Nc3 Nf6 11.Nxg6 hxg6 12.e4 dxe4 13.Bg5 Nf5 14.Nxe4 Be7 15.Be3 Nxe4
16.Bxe4 Nd6 17.Qc2 Nxe4 18.Qxe4  1/2-1/2

[Event "EY Girls U16 2012"]
[Site "Prague CZE"]
[Date "2012.08.23"]
[Round "7.11"]
[White "Varga,Me"]
[Black "Ivanova,Si"]
[Result "1/2-1/2"]
[WhiteElo "2232"]
[BlackElo "1952"]

1.Nf3 d5 2.g3 c6 3.Bg2 Bg4 4.c4 e6 5.O-O Nf6 6.d3 Be7 7.Nc3 O-O 8.Ne5 Bh5
9.Qc2 Nbd7 10.Nxd7 Qxd7 11.cxd5 cxd5 12.e4 d4 13.Ne2 Rac8 14.Qd1 Rc5 15.f3 e5
16.b4 Rb5 17.a3 a5 18.bxa5 Rxa5 19.Qb3 Rb8 20.g4 Bg6 21.h3 Qb5 22.Qxb5 Rxb5
23.f4 exf4 24.Nxf4 Nd7 25.Rf2 Bd6 26.Nd5 Rb3 27.Bf1 Nc5 28.Rd2 Na4 29.Rc2 Nc3
30.Rb2 Rxa3 31.Rxa3 Bxa3 32.Rc2 Bxc1 33.Rxc1 Nxd5 34.exd5 f5 35.Rc4 fxg4
36.hxg4 h5 37.Rxd4 hxg4 38.Rxg4 Bf5 39.Rf4 g6 40.Rb4 Rd8 41.Rb5 b6 42.Rxb6 Rxd5
43.Kf2 Bxd3 44.Bxd3 Rxd3 45.Rxg6+  1/2-1/2

[Event "14th Sants Open A"]
[Site "Barcelona ESP"]
[Date "2012.08.24"]
[Round "8.17"]
[White "Beltran Rueda,S"]
[Black "Coll Ortega,J"]
[Result "1-0"]
[WhiteElo "2383"]
[BlackElo "2293"]

1.Nf3 d5 2.g3 Nf6 3.Bg2 e6 4.O-O c5 5.d4 Nc6 6.c4 Be7 7.cxd5 exd5 8.Nc3 O-O
9.Bf4 Bf5 10.dxc5 Bxc5 11.Rc1 Be7 12.Nd4 Bg4 13.h3 Be6 14.Nxe6 fxe6 15.h4 Nh5
16.e3 Nxf4 17.exf4 Bf6 18.Na4 Nd4 19.Nc5 b6 20.Nb3 Nf5 21.Rc6 Nd6 22.Re1 Re8
23.Bxd5 Nf7 24.Rcxe6 Rxe6 25.Rxe6 Qd7 26.Rd6 Qe8 27.Bc6 Qf8 28.Rxf6 gxf6
29.Qg4+ Kh8 30.Bxa8 Qxa8 31.Qe6 Kg7 32.Nd4 Nh6 33.Qe7+ Kg6 34.h5+ Kxh5 35.Qxf6 Qg8
36.Qh4+ Kg6 37.Qg5+  1-0

[Event "11th Lichtenberger Sommer 2012"]
[Site "Berlin GER"]
[Date "2012.08.24"]
[Round "7.72"]
[White "Wege,H"]
[Black "Hohn,A"]
[Result "0-1"]
[WhiteElo "1912"]
[BlackElo "2004"]

1.Nf3 d5 2.g3 Bg4 3.Bg2 Nd7 4.d3 e6 5.O-O Ngf6 6.Nbd2 c6 7.b3 Be7 8.Bb2 Qb6
9.a4 O-O 10.a5 Qc7 11.c4 Bb4 12.Ba3 Qxa5 13.Bxb4 Qxb4 14.cxd5 cxd5 15.Ra4 Qb6
16.d4 Rfc8 17.Ne5 Bf5 18.Nxd7 Nxd7 19.e4 dxe4 20.Nc4 Qc7 21.Ne3 Bg6 22.Rc4 Qd6
23.Qb1 f5 24.Rfc1 Nb6 25.Rc5 Qxd4 26.Rxc8+ Rxc8 27.Rxc8+ Nxc8 28.Qc1 Qd8
29.Nc4 Qc7 30.Qb2 Nb6 31.Ne5 Be8 32.Bf1 Nd5 33.Qa3 Qxe5  0-1

[Event "EY Girls U16 2012"]
[Site "Prague CZE"]
[Date "2012.08.24"]
[Round "8.11"]
[White "Kiseleva,A"]
[Black "Varga,Me"]
[Result "0-1"]
[WhiteElo "1937"]
[BlackElo "2232"]

1.Nf3 d5 2.g3 Nf6 3.Bg2 c6 4.c4 Bg4 5.O-O e6 6.d3 Bd6 7.Nc3 O-O 8.Qc2 Re8
9.e4 dxe4 10.dxe4 e5 11.Be3 Nbd7 12.Rfd1 Qe7 13.h3 Bxf3 14.Bxf3 Bc5 15.Kg2 Bxe3
16.fxe3 Qc5 17.Qe2 Nb6 18.b3 a5 19.g4 h6 20.h4 a4 21.Kf2 Nh7 22.Qc2 Qe7 23.Kg3 Nf8
24.Ne2 Nbd7 25.Qc3 b5 26.b4 bxc4 27.Qxc4 Rec8 28.a3 c5 29.b5 Nb6 30.Qc2 c4
31.Nc3 Qc5 32.Qe2 Ne6 33.Kf2 Rd8 34.Qb2 Nf4 35.Be2 Nd3+ 36.Bxd3 cxd3 37.Qb4 Qxb4
38.axb4 a3 39.Ra2 Rd6 40.Rad2 Nc4 41.Ra2 Nb2 42.Rda1 Rc8 43.Nd1 Rc2+ 44.Ke1 Re2+
45.Kf1 Rf6+ 46.Kg1 Nxd1 47.Rxa3 Re1+  0-1

[Event "11th Lichtenberger Sommer 2012"]
[Site "Berlin GER"]
[Date "2012.08.25"]
[Round "8.54"]
[White "Witte,R"]
[Black "Bergmann,Jen"]
[Result "1-0"]
[WhiteElo "2034"]
[BlackElo "1946"]

1.Nf3 d5 2.g3 Bg4 3.Bg2 Nd7 4.c4 dxc4 5.Qa4 c6 6.Qxc4 Bxf3 7.Bxf3 Ne5 8.Qb3 Nxf3+
9.Qxf3 Qd5 10.e4 Qc4 11.Na3 Qd4 12.O-O e5 13.Nc2 Qc4 14.Qc3 Qxe4 15.Re1 Qg4
16.Qxe5+ Kd7 17.Re4 Qd1+ 18.Ne1 Nf6 19.Rd4+ Nd5 20.d3 Re8 21.Rxd5+ cxd5 22.Qxd5+ Bd6
23.Qxd6+ Kc8 24.Qc5+ Kd7 25.Qf5+ Re6 26.Qxf7+ Re7 27.Qxe7+  1-0

[Event "11th Lichtenberger Sommer 2012"]
[Site "Berlin GER"]
[Date "2012.08.25"]
[Round "8.47"]
[White "Heerde,Thomas"]
[Black "Rauscher,Joachim"]
[Result "1-0"]
[WhiteElo "1969"]
[BlackElo "1866"]

1.Nf3 d5 2.g3 Nf6 3.Bg2 g6 4.O-O Bg7 5.d3 O-O 6.Nbd2 c6 7.e4 e6 8.e5 Nfd7
9.Re1 Qc7 10.d4 c5 11.c3 Nc6 12.Nf1 a5 13.Bf4 Ne7 14.Ne3 b5 15.Ng4 Qb6 16.Bg5 f6
17.dxc5 Qxc5 18.exf6 Nxf6 19.Nh6+ Kh8 20.Ne5 Bxh6 21.Bxh6 Re8 22.g4 Ne4 23.Qf3 Qxf2+
24.Qxf2 Nxf2 25.Kxf2  1-0

[Event "11th Lichtenberger Sommer 2012"]
[Site "Berlin GER"]
[Date "2012.08.25"]
[Round "8.46"]
[White "Konrad,Erhard"]
[Black "Casny,G"]
[Result "1-0"]
[WhiteElo "1956"]
[BlackElo "1860"]

1.Nf3 d5 2.g3 Nf6 3.Bg2 Nc6 4.d3 Bg4 5.Nbd2 Qd7 6.h3 Bxf3 7.Nxf3 e6 8.c3 Be7
9.b4 a6 10.O-O O-O 11.a3 Rfd8 12.Qc2 Ne8 13.Nh2 Nd6 14.Nf3 Bf6 15.Bg5 Bxg5
16.Nxg5 h6 17.Nf3 Qe7 18.c4 dxc4 19.dxc4 Nf5 20.e3 Nd6 21.Rad1 Qf6 22.Rd2 Nf5
23.Rfd1 Rxd2 24.Rxd2 Rd8 25.Rxd8+ Qxd8 26.Kh2 Na7 27.Nd2 c6 28.Ne4 Qc7 29.Qd3 Nc8
30.Kg1 Nfd6 31.c5 Nxe4 32.Bxe4 Kf8 33.Bf3 g6 34.Qd4 e5 35.Qd2 Ke7 36.e4 g5
37.Bg4 Na7 38.a4 Qd8 39.Qe3 Qd4 40.Qxd4 exd4 41.Kf1 Kf6 42.Ke2 Ke5 43.Kd3 f6
44.Bd7 h5 45.Bf5 h4 46.Bd7 f5 47.Bxf5 Kf6 48.Kxd4 hxg3 49.fxg3 Nb5+ 50.axb5 cxb5
51.Bc8 a5 52.bxa5 b4 53.Bxb7 b3 54.Kc3 g4 55.hxg4 b2 56.Kxb2  1-0

[Event "ZMDI Open A 2012"]
[Site "Dresden GER"]
[Date "2012.08.25"]
[Round "8"]
[White "Gutman,L"]
[Black "Hess,C1"]
[Result "1-0"]
[WhiteElo "2455"]
[BlackElo "2244"]

1.Nf3 d5 2.g3 g6 3.Bg2 Bg7 4.d4 Nf6 5.O-O O-O 6.c4 c6 7.Nc3 dxc4 8.h3 Na6
9.e4 Nc7 10.a4 a5 11.Bf4 Be6 12.Qe2 b5 13.Ne5 Ra6 14.d5 cxd5 15.axb5 Rb6
16.Nc6 Rxc6 17.bxc6 d4 18.Bxc7 Qxc7 19.Nd5 Bxd5 20.exd5 d3 21.Qd2  1-0

[Event "12th World Uni Men"]
[Site "Guimaraes POR"]
[Date "2012.08.25"]
[Round "9.20"]
[White "Araya,Cristian"]
[Black "Chang Suarez,A"]
[Result "0-1"]
[WhiteElo "1868"]
[BlackElo "1988"]

1.Nf3 d5 2.g3 c5 3.Bg2 Nc6 4.d4 Nf6 5.O-O e6 6.b3 Be7 7.Bb2 O-O 8.Nbd2 b5
9.e3 Qb6 10.c3 a5 11.Rb1 Ba6 12.Ne5 cxd4 13.Nxc6 Qxc6 14.cxd4 b4 15.Re1 Bd3
16.Rc1 Qb5 17.Bf1 Bxf1 18.Rxf1 a4 19.Rc2 a3 20.Ba1 Rac8 21.Nf3 Ne4 22.Ne5 f6
23.f3 Rxc2 24.Ng6 Rd2 25.Nxe7+ Kf7 26.Qe1 Kxe7 27.fxe4 Qe2  0-1

[Event "12th ch-Euro Seniors w"]
[Site "Kaunas LTU"]
[Date "2012.08.25"]
[Round "8.1"]
[White "Tsifanskaya,L"]
[Black "Fomina,T"]
[Result "0-1"]
[WhiteElo "2133"]
[BlackElo "2189"]

1.Nf3 d5 2.g3 Nc6 3.d4 Bf5 4.Bg2 e6 5.O-O Nb4 6.Na3 Nf6 7.c3 Na6 8.Ne5 Be7
9.Nc2 c6 10.Ne3 Bg6 11.Nxg6 hxg6 12.c4 Nc7 13.Qb3 Rb8 14.cxd5 exd5 15.a4 Ne6
16.Nc2 Ne4 17.f3 Nd6 18.Be3 Nc4 19.Rad1 b5 20.Bf2 O-O 21.Ne3 bxa4 22.Qxa4 Nxb2
23.Qxc6 Nxd1 24.Rxd1 Rb6 25.Qa4 a6 26.f4 Nc7 27.Be1 Re6 28.Rd3 Qe8 29.Qb3 Bd6
30.Ba5 Nb5 31.Bxd5 Nxd4 32.Qc4 Rxe3 33.Qxd4 Rxd3 34.Qxd3 Bc5+ 35.Kg2 Qb5
36.Bc3 Qxd3 37.exd3 Bb6 38.Kf3 Rc8 39.Be5 a5 40.Bb3 Kf8 41.g4 Bc7 42.Bd4 Bd6
43.h4 Rb8 44.Bc4 f6 45.h5 gxh5 46.gxh5 Ke7 47.Kg4 Rb1 48.h6 gxh6 49.Kf5 Rf1
50.Bxf6+ Kd7 51.Bc3 Rxf4+ 52.Kg6 Bb4 53.Be5 Rxc4 54.dxc4 Bd2 55.Bd4 Kc6 56.Kf5 a4
57.Ke4 a3 58.Kd3 Bc1 59.Kc2 Bb2 60.Be3 h5 61.Bg5 Kc5 62.Kb3 Kd4 63.Be7 Ke5
64.Bd8 Ke6 65.c5 Kd5 66.Be7 Kc6  0-1

[Event "2nd Isthmia Open A"]
[Site "Korinthia GRE"]
[Date "2012.08.25"]
[Round "9.7"]
[White "Maghalashvili,Da"]
[Black "Debashis,D"]
[Result "1-0"]
[WhiteElo "2482"]
[BlackElo "2446"]

1.Nf3 d5 2.g3 Nf6 3.Bg2 c6 4.O-O Bg4 5.d3 Nbd7 6.Nbd2 e5 7.e4 Bd6 8.h3 Bh5
9.exd5 cxd5 10.c4 O-O 11.cxd5 Nxd5 12.Qb3 N5b6 13.Ne4 Be7 14.a4 Kh8 15.g4 Bg6
16.a5 f5 17.gxf5 Bf7 18.Qd1 Nd5 19.Neg5 Bxg5 20.Nxg5 N7f6 21.Re1 Qc7 22.Bd2 Rae8
23.Qa4 h6 24.Rac1 Qd8 25.Nxf7+ Rxf7 26.Rc5 Rfe7 27.Qc4 Nf4 28.Bxf4 exf4 29.Re6 Rd7
30.Rxe8+ Qxe8 31.Rc8 Rd8 32.Bxb7 Qe1+ 33.Kg2 Rxc8 34.Qxc8+ Kh7 35.Qc5 Nd7
36.Qc7 Nf6 37.Bf3 a6 38.Qb6 Qe5 39.Qxa6 Qxf5 40.b4 Qg6+ 41.Kh1 Qf5 42.Kh2 h5
43.Qc4 Kh6 44.a6  1-0

[Event "EY Boys U16 2012"]
[Site "Prague CZE"]
[Date "2012.08.25"]
[Round "9.8"]
[White "Menezes,Chr"]
[Black "Samdanov,S"]
[Result "0-1"]
[WhiteElo "2279"]
[BlackElo "2207"]

1.Nf3 d5 2.g3 c6 3.Bg2 Nf6 4.c4 dxc4 5.O-O Nbd7 6.Qc2 Nb6 7.Na3 Qd5 8.Ne1 Qh5
9.Nxc4 Bd7 10.Nxb6 axb6 11.d4 g6 12.Nd3 Bg7 13.Bd2 O-O 14.e4 Ne8 15.e5 Bf5
16.Bb4 c5 17.dxc5 bxc5 18.Ba3 Bxe5 19.Rfe1 Rxa3 20.bxa3 Bxa1 21.Rxa1 Nd6
22.Qd2 Bxd3 23.Qxd3 Qe5 24.Rb1 b5 25.Kf1 c4 26.Qe2 Qc3 27.Qe3 Qxe3 28.fxe3 Rc8
29.Ke2 Rc7 30.a4 bxa4 31.Rb4 c3 32.Kd1 Nc4 33.Kc1 Nxe3 34.Bf3 f5  0-1

[Event "24th Schlosspark Open"]
[Site "Wiesbaden GER"]
[Date "2012.08.25"]
[Round "4.31"]
[White "Giese,Tilman"]
[Black "Jamali,Wahid"]
[Result "1-0"]
[WhiteElo "2067"]
[BlackElo "1936"]

1.Nf3 d5 2.g3 Bf5 3.Bg2 e6 4.d3 Nf6 5.O-O Be7 6.Nbd2 O-O 7.Nh4 Bg4 8.h3 Bh5
9.g4 Nfd7 10.Nhf3 Bg6 11.e4 c6 12.Re1 h5 13.Qe2 hxg4 14.hxg4 Nf6 15.Ne5 Bh7
16.g5 Nfd7 17.g6 fxg6 18.exd5 Nxe5 19.Qxe5 Bd6 20.Qxe6+ Kh8 21.Ne4 Be7 22.d6 Bh4
23.Be3 Nd7 24.c4 Rf5 25.c5 Ne5 26.d4 Bg8 27.Qxe5 Rxe5 28.dxe5 Be6 29.Rad1 Qd7
30.Bg5 Bxg5 31.Nxg5 Rf8 32.Nxe6 Qxe6 33.Rd3 g5 34.d7 Qe7 35.b4 g4 36.e6 Qf6
37.Re2 Qe7 38.Rd4 g5 39.Rxg4 Rg8 40.Rd4 Kg7 41.Bh3 Rh8 42.Red2 Qd8 43.R2d3 Rf8
44.Bg2 Kf6 45.Rd6 Ke7 46.Rh3 Kf6 47.Rh7  1-0

[Event "11th Lichtenberger Sommer 2012"]
[Site "Berlin GER"]
[Date "2012.08.26"]
[Round "9.67"]
[White "Wege,H"]
[Black "Ziems,M"]
[Result "1-0"]
[WhiteElo "1912"]
[BlackElo "1836"]

1.Nf3 d5 2.g3 c5 3.Bg2 Nc6 4.O-O Nf6 5.d3 e6 6.Nbd2 Be7 7.e4 d4 8.e5 Nd5
9.a4 b6 10.Nc4 a6 11.Re1 Rb8 12.h4 h6 13.h5 b5 14.axb5 axb5 15.Ncd2 Bb7 16.Ne4 Qc7
17.c4 bxc4 18.dxc4 Ndb4 19.Nd6+ Bxd6 20.exd6 Qd7 21.Bf4 Rd8 22.Nh4 d3 23.Qg4 Kf8
24.Be4 Nc2 25.Ng6+ fxg6 26.Bxd3  1-0